000 00563nam a2200217 a 4500
999 _c8849
_d8849
001 8849
003 BD-JhCC
005 20181002175500.0
008 180304b1965 bg |||| ||a| 000 0 eng d
035 _a(BD-JhCC) 8849
040 _aBD-JhCC
_dBD-JhCC
041 _aeng
082 _a540
_bKHO 1965
100 _aKhondker, Abdul Haque
245 _aPractical Intermediate Chemistry /
_c Abdul Haque Khondker,
260 _aDhaka :
_bEast Bengal publishers ,
_c1965
300 _a230 p .:
_c17 cm .
650 _aChemistry
942 _2ddc
_cBK